Better Call Saul Trivia #O - Statistics

General Stats
  • This quiz has been taken 55 times
  • The average score is 8 of 15
Answer Stats
Hint Answer % Correct
Actor of Jimmy McGill / Saul Goodman Bob Odenkirk
92%
Gene Takavic is working at a Cinnabon in __. Omaha
82%
Color, Jorge de Guzman wears in his trial Orange
76%
A solemn declaration or promise to tell the truth, often sworn in by witnesses or individuals involved in legal proceedings Oath
71%
Kim initially doesnt want to share an __ with Jimmy. Office
71%
Werners father helped build this famous building in Australia (Sydney) Opera House
66%
Howards car is found near the __ Ocean
63%
An __ in court is a formal protest raised by an attorney during a trial. Objection
50%
A defense attorney in Albuquerque Bill Oakley
42%
To escape the twins, Nacho hides in an old __ __ Oil tank
39%
Jimmys assistant at Davis & Main Omar
32%
Nickname of Domingo, said by Lalo, Spanish for his english nickname Ocho Loco
24%
A native indian photographer who gets her picture stolen by Mesa Verde Olivia Bitsui
18%
Amount of time the battery has been planted on Chuck One hour fourty-three minutes
18%
Episode in season 3 Off Brand
16%
No matching quizzes found
Score Distribution
Percent of People with Each Score
Percentile by Number Answered
Your Score History
You have not taken this quiz